Arbitration law and practice in Tanzania (Record no. 6721)

MARC details
005 - DATE AND TIME OF LATEST TRANSACTION
control field 20250715053941.0
020 ## - INTERNATIONAL STANDARD BOOK NUMBER
International Standard Book Number 978-9987-9231-2-0
082 ## - DEWEY DECIMAL CLASSIFICATION NUMBER
Classification number 341.52 MAS
100 ## - MAIN ENTRY--PERSONAL NAME
Author name MASHAMBA, C. J.
245 ## - TITLE STATEMENT
Title Arbitration law and practice in Tanzania
260 ## - PUBLICATION, DISTRIBUTION, ETC.
Place of publication, distribution, etc. Dar es Salaam,
Name of publisher, distributor, etc. Theophlus Enterprices,
Date of publication, distribution, etc. 2015.
300 ## - PHYSICAL DESCRIPTION
Extent xxviii, 232p.;
Other physical details Bibliography,
Dimensions 25cm.
942 ## - ADDED ENTRY ELEMENTS (KOHA)
Source of classification or shelving scheme Dewey Decimal Classification
Koha item type Books
Holdings
Date last seen Total checkouts Full call number Barcode Cost, replacement price Price effective from Koha item type Lost status Source of classification or shelving scheme Damaged status Not for loan Withdrawn status Home library Current library Shelving location Date acquired Cost, normal purchase price
07/15/2025   341.52 MAS 00000013760 75000.00 07/15/2025 Books   Dewey Decimal Classification       College of Business Education Main Library College of Business Education Main Library General Collection 07/15/2025 25000.00